000 00743nam a22002537a 4500
001 34280
003 UA-OsUOA
005 20230921095239.0
007 ta
008 20050927b un ||||| |||| 00| 0 ukr d
040 _aUA-OsUOA
_bukr
_cUA-OsUOA
_dUA-OsUOA
041 _aukr
080 _a821.161.2
090 _a821.161.2
_bС54
100 _aСобко В.
245 _aТвори в шести томах
_cВ. Собко
260 _aК.
_bДніпро
_c1980
300 _a448 с.
505 _gТ. 4
650 7 _a821 Художня література окремими мовами і мовними сім'ями
_2UDC
942 _cBK
_2udc
955 _a3
999 _c320702
_d320702